Study of the impact of B.Ed. training programme on the classroom behaviour and teacher's activitism (Record no. 21631)

MARC details
000 -LEADER
fixed length control field 00423nam a2200145Ia 4500
082 ## - DEWEY DECIMAL CLASSIFICATION NUMBER
Classification number TT.0131
100 ## - MAIN ENTRY--AUTHOR NAME
Personal name Tripathi, Prem
245 #0 - TITLE STATEMENT
Title Study of the impact of B.Ed. training programme on the classroom behaviour and teacher's activitism
260 ## - PUBLICATION, DISTRIBUTION, ETC. (IMPRINT)
Year of publication 1992
Name of publisher University of Gorakhpur
300 ## - PHYSICAL DESCRIPTION
Number of Pages v.p.
650 ## - SUBJECT ADDED ENTRY--TOPICAL TERM
Topical Term TEACHERS - TRAINING OF
650 ## - SUBJECT ADDED ENTRY--TOPICAL TERM
Topical Term CLASSROOM ENVIRONMENT
710 ## - ADDED ENTRY--CORPORATE NAME
Corporate name or jurisdiction name as entry element Sharma, B.K.
942 ## - ADDED ENTRY ELEMENTS (KOHA)
Koha item type Thesis
Source of classification or shelving scheme Dewey Decimal Classification
Holdings
Withdrawn status Lost status Damaged status Not for loan Home library Current library Date acquired Bill Date Full call number Accession Number Price effective from Koha item type
        NASSDOC Library NASSDOC Library 08/10/2004 2008-12-30 TT.0131 33069 18/04/2019 Thesis